| 000 | 00886nam a22002057a 4500 | ||
|---|---|---|---|
| 003 | BD-DhUL | ||
| 005 | 20170601125643.0 | ||
| 008 | 170601s2001 bg |||| |||| 000 0 ben | ||
| 020 | _a9844830745 | ||
| 040 |
_aBD-DhUL _cBD-DhUL |
||
| 082 |
_a954.92 _bHAE |
||
| 110 | 2 | _aহামুদুর রহমান কমিশন । | |
| 245 | 1 | 0 |
_aএকাত্তরের গণহত্যা : _bহামুদুর রহমান কমিশন রিপোর্ট / _cহামুদুর রহমান কমিশন ; অনুবাদক, বশীর আল্হেলাল । |
| 300 |
_a৭২ পৃ. ; _c২২ সেমি । |
||
| 365 |
_aBDT _b125 |
||
| 651 | 0 |
_aবাংলাদেশ _xইতিহাস |
|
| 651 | 0 |
_aBangladesh _xHistory |
|
| 700 | 1 | 0 |
_aআল্হেলাল, বশীর । _eঅনুবাদক |
| 942 |
_2ddc _cBK |
||
| 999 |
_c203795 _d203795 |
||